| 000 -LEADER |
| fixed length control field |
00962cam a22003011 4500 |
| 001 - CONTROL NUMBER |
| control field |
7379874 |
| 005 - DATE AND TIME OF LATEST TRANSACTION |
| control field |
20260115102347.0 |
| 008 - FIXED-LENGTH DATA ELEMENTS--GENERAL INFORMATION |
| fixed length control field |
750805s1940 xx 000 0 eng |
| 010 ## - LIBRARY OF CONGRESS CONTROL NUMBER |
| LC control number |
40031209 |
| 035 ## - SYSTEM CONTROL NUMBER |
| System control number |
(OCoLC)1512165 |
| 040 ## - CATALOGING SOURCE |
| Original cataloging agency |
DLC |
| Transcribing agency |
SSBUL |
| Modifying agency |
OCoLC |
| -- |
DLC |
| 041 ## - LANGUAGE CODE |
| Language code of text/sound track or separate title |
English |
| 050 00 - LIBRARY OF CONGRESS CALL NUMBER |
| Classification number |
BX1751 |
| Item number |
.K68 1940 |
| 082 ## - DEWEY DECIMAL CLASSIFICATION NUMBER |
| Edition number |
23 |
| Classification number |
282 Kn |
| Item number |
24532 S-GH |
| 100 1# - MAIN ENTRY--PERSONAL NAME |
| Personal name |
Knox, Ronald Arbuthnott, |
| Dates associated with a name |
1888-1957. |
| 9 (RLIN) |
58996 |
| 245 14 - TITLE STATEMENT |
| Title |
The belief of Catholics / |
| Statement of responsibility, etc. |
R. A. Knox. |
| 260 ## - PUBLICATION, DISTRIBUTION, ETC. |
| Place of publication, distribution, etc. |
New York : |
| Name of publisher, distributor, etc. |
Sheed & Ward, |
| Date of publication, distribution, etc. |
1939. |
| 300 ## - PHYSICAL DESCRIPTION |
| Extent |
2 p. l., 3-254 p. |
| Dimensions |
19 cm. |
| 490 0# - SERIES STATEMENT |
| Series statement |
[Catholic masterpieces. no. 8] |
| 500 ## - GENERAL NOTE |
| General note |
S-GH: Prof. Gustaaf Houtman |
|
| General note |
S-KN: Ashin Khemānanda |
| 610 20 - SUBJECT ADDED ENTRY--CORPORATE NAME |
| Corporate name or jurisdiction name as entry element |
Catholic Church |
| General subdivision |
Doctrines. |
| 9 (RLIN) |
58997 |
| 650 ## - SUBJECT ADDED ENTRY--TOPICAL TERM |
| Topical term or geographic name entry element |
Catholic Church |
| 9 (RLIN) |
30348 |
|
| Topical term or geographic name entry element |
Catholic Church |
| General subdivision |
Doctrines |
| 9 (RLIN) |
58998 |
|
| Topical term or geographic name entry element |
Doctrinal Theory(Catholic) |
| 9 (RLIN) |
58999 |
| 906 ## - LOCAL DATA ELEMENT F, LDF (RLIN) |
| a |
7 |
| b |
cbc |
| c |
oclcrpl |
| d |
u |
| e |
ncip |
| f |
19 |
| g |
y-gencatlg |
| 942 ## - ADDED ENTRY ELEMENTS (KOHA) |
| Source of classification or shelving scheme |
|
| Koha item type |
Book (Short term) |